01049nam a2200253 a 4500001001000000003000500010005001700015008004100032010001100073011001100084040000900095100004600104245016200150260004100312500006000353502007900413650004500492650004900537650003300586650003900619650003800658700002900696856007000725000113421CHAP20220329144353.0170621s2016 mx a fsm |||||||spa d a109882 a110854 cCHAP1 aHernández Hernández, Ramón Ezequiel10aEfecto de podas en la fenología y rendimiento de pimiento morrón /h[En línea]cpor Ramón Ezequiel Hernández Hernández y Juan Luis Salazar Toral. aChapingo, Méx. :bEl autor,c2016. aPara ver el contenido del material haga clic en la liga aTesis (Agr. en Horticultura Protegida) -- UACH. Departamento de Fitotecnia14aChile pimientoxCultivos en invernadero.14aChile pimientoxFisiología y morfología.14aChile pimientoxRendimiento.14aHumedadxEfecto en chile pimiento.14aSombraxEfecto en chile pimiento.1 aSalazar Toral, Juan Luis aFinding aiduhttp://10.13.5.2/tesis/sist113421.pdfzTeclea aquí